Introducción a la enseñanza de signos y el uso de ayudas técnicas para la comunicación / (Record no. 32058)

MARC details
000 -CABECERA
campo de control de longitud fija 00731nam a2200217 a 4500
005 - FECHA Y HORA DE LA ÚLTIMA TRANSACCIÓN
campo de control 20240911064625.0
008 - ELEMENTOS DE LONGITUD FIJA--INFORMACIÓN GENERAL
campo de control de longitud fija 991125s1993 mad 000 0 spa u
020 ## - NÚMERO INTERNACIONAL NORMALIZADO PARA LIBROS
Número Internacional Estándar del Libro 8477740887
035 ## - NÚMERO DE CONTROL DEL SISTEMA
Número de control de sistema UPN01000032058
049 ## - COLECCIÓN
Colección CG
050 #4 - SIGNATURA TOPOGRÁFICA DE LA BIBLIOTECA DEL CONGRESO
Número de clasificación LB1029 C7
Número de documento/Ítem T4.58
100 1# - ASIENTO PRINCIPAL--NOMBRE PERSONAL
Nombre de persona Tetzchner, Stephen V
245 10 - MENCIÓN DE TÍTULO
Título Introducción a la enseñanza de signos y el uso de ayudas técnicas para la comunicación /
Mención de responsabilidad, etc. Stephen von Tetzchner, Harold Martinsen ; tr. Anne Marie Mogster.
260 ## - PUBLICACIÓN, DISTRIBUCIÓN, ETC.
Lugar de publicación, distribución, etc. Madrid :
Nombre del editor, distribuidor, etc. Visor,
Fecha de publicación, distribución, etc. 1993.
300 ## - DESCRIPCIÓN FÍSICA
Extensión 334 p.
440 #0 - MENCIÓN DE SERIE/ASIENTO SECUNDARIO--TÍTULO
Título Aprendizaje ;
Designación de volumen o secuencia 83
650 #4 - ASIENTO SECUNDARIO DE MATERIA - TERMINO TEMATICO
Término de materia o nombre geográfico como elemento de entrada Comunicación en la educación
9 (RLIN) 1520
650 #4 - ASIENTO SECUNDARIO DE MATERIA - TERMINO TEMATICO
Término de materia o nombre geográfico como elemento de entrada SORDOS -
Subdivisión general MEDIOS DE COMUNICACION
9 (RLIN) 17393
700 1# - ASIENTO SECUNDARIO--NOMBRE DE PERSONAL
Nombre de persona Martinsen, Harold,
Término indicativo de función/relación coaut.
905 ## - TIPO DE MATERIAL
Tipo de material Libro
Holdings
Estado de retiro Estado de pérdida Fuente del sistema de clasificación o colocación Estado dañado No para préstamo Código de colección Localización permanente Ubicación/localización actual Ubicación en estantería Total de préstamos Clasificación Código de barras Fecha visto por última vez Número de copia Tipo de ítem Koha
    Library of Congress Classification     Colección General Bib. Gregorio Torres Quintero Bib. Gregorio Torres Quintero Planta baja 8 LB1029 C7 T4.58 120249 31/12/2020 1 Libro
    Library of Congress Classification     Colección General Bib. Gregorio Torres Quintero Bib. Gregorio Torres Quintero Planta baja 2 LB1029 C7 T4.58 106777 31/12/2020 1 Libro
    Library of Congress Classification     Colección General Bib. Gregorio Torres Quintero Bib. Gregorio Torres Quintero Planta baja 12 LB1029 C7 T4.58 120248 31/12/2020 1 Libro